Healthy vegetarian & vegan slow cooker : (Record no. 18622)
[ view plain ]
| 000 -LEADER | |
|---|---|
| fixed length control field | 00609nam a22001697a 4500 |
| 008 - FIXED-LENGTH DATA ELEMENTS--GENERAL INFORMATION | |
| fixed length control field | 231214b ||||| |||| 00| 0 eng d |
| 020 ## - INTERNATIONAL STANDARD BOOK NUMBER | |
| International Standard Book Number | 9781788794732 |
| 082 ## - DEWEY DECIMAL CLASSIFICATION NUMBER | |
| Edition number | 2022 |
| Classification number | DC 641.5 |
| Item number | G761 |
| 100 ## - MAIN ENTRY--PERSONAL NAME | |
| Personal name | Graimes, Nicola. |
| 9 (RLIN) | 50494 |
| 245 ## - TITLE STATEMENT | |
| Title | Healthy vegetarian & vegan slow cooker : |
| Remainder of title | over 60 recipes for nutritious, home-cooked meals from your slow cooker / |
| Statement of responsibility, etc. | Nicola Graimes. |
| 260 ## - PUBLICATION, DISTRIBUTION, ETC. (IMPRINT) | |
| Place of publication, distribution, etc. | New York : |
| Name of publisher, distributor, etc. | Ryland peters & small, |
| Date of publication, distribution, etc. | ©2022. |
| 300 ## - PHYSICAL DESCRIPTION | |
| Extent | 144 pages : |
| Other physical details | color illustrations ; |
| Dimensions | 24 cm. |
| 500 ## - GENERAL NOTE | |
| General note | Includes index. |
| 650 ## - SUBJECT ADDED ENTRY--TOPICAL TERM | |
| Topical term or geographic name as entry element | Cooking, |
| 9 (RLIN) | 50558 |
| 650 ## - SUBJECT ADDED ENTRY--TOPICAL TERM | |
| Topical term or geographic name as entry element | Vegan cooking. |
| 9 (RLIN) | 50559 |
| 942 ## - ADDED ENTRY ELEMENTS (KOHA) | |
| Source of classification or shelving scheme | Dewey Decimal Classification |
| Koha item type | Circulation |
| Withdrawn status | Lost status | Source of classification or shelving scheme | Damaged status | Not for loan | Collection code | Home library | Current library | Date acquired | Source of acquisition | Cost, normal purchase price | Total Checkouts | Full call number | Barcode | Date last seen | Price effective from | Koha item type |
|---|---|---|---|---|---|---|---|---|---|---|---|---|---|---|---|---|
| Dewey Decimal Classification | Circulation | UM Digos College - LIC | UM Digos College - LIC | 08/08/2023 | Purchased | 1370.00 | DC 641.5 G761 2022 | 27720 | 05/15/2025 | 12/14/2023 | Circulation |
